00657 a2200193 450000100060000002000180000604000260002410000220005024000410007224500360011330000070014936200090015644000340016565000230019994200070022295201130022995201040034299900170044616753 a9788562832000 cAnchieta - Bela Vista aBrasileiro, Jonar10aA história da minha geografialpor10aA história da minha geografia a480 a2009 1aHumanidade Editora e Projetos 4aLiteratura juvenil cBK 00104070a91.4b91.4d2023-11-21l0oLJ 028.5 B823h BRA HISp2116/BELr2023-11-21 17:41:05w2023-11-21yBK 00104070a88.1b88.1d2023-11-21l0o028.5 BRA HISp1196/ITAr2023-11-21 20:03:36w2023-11-21yBK c16753d16753